LEADER 01025nam a2200241 u 4500 001 000000109680 003 CaOOAMICUS 005 20080212115942.0 008 080212s2008 it u000 u ita u 040 $aPUL(R)$bita$dBc 100 1 $aGalgano, Francesco.$0(OLS)http://pul/name/24116 245 10$aCommentario compatto al codice civile /$cFrancesco Galgano. 260 $aPiacenza :$bLa Tribuna,$c2008. 300 $axxv, 3061 p. ;$c26 cm. 490 1 $aTribuna Major 610 14$aItalia.$tCodice civile.$0(OLS)http://pul/subject/33991 650 4$aCodice civile$zItalia$xCommenti.$0(OLS)http://pul/subject/33992 830 0$aTribuna Major.$0(OLS)http://pul/title/104665 850 $aPUL 852 $aPUL$W1$xDP2 Diritto e Scienze Sociali 3$y110$m348. 45 BZCOD 12$j125522$qDDC 21$B124250$CPULBib$Z2$F124250 $H106284 $82 941 1 $a9 996 $6245$aCommentario compatto al codice civile$9(OLS)http://pul/title/137960 996 $6260$aPiacenza :$bLa Tribuna$9(OLS)http://pul/publisher/69734 LEADER 01070nam a2200265 a 4500 001 000000167405 003 CaOOAMICUS 005 20180427150556.0 008 180427s1955 it f u000 u ita u 032 $aLibriCat 035 $a10673560 040 $aPUL$bita 100 1 $aPettazzoni, Raffaele,$d1883-1959.$0(OLS)http://pul/name/4552 245 12$aL'onniscenza di Dio / $cRaffaele Pettazzoni . 260 $aTorino :$bEinaudi,$c1955. 300 $a684 p. :$btav. ;$c22 cm. 490 1 $aCollezione di studi religiosi, etnologici e psicologici ;$v24 650 4$aDio$xConcezione filosofica.$0(OLS)http://pul/subject/44432 830 0$aCollezione di studi religiosi, etnologici e psicologici ;$v24.$0(OLS)http://pul/title/6368 850 $aPUL 852 $aPUL$W1$xDP1 Fondo Dalla Palma$y117$m3 A 60$j115753$qFondi$B194973$CPULBib$Z2$F194973 $HDal1851 $81 941 1 $a1 996 $6245$aL'onniscenza di Dio / $9(OLS)http://pul/title/207434 996 $6260$aTorino :$bEinaudi$9(OLS)http://pul/publisher/48130